Grammar skills 4. (Record no. 115083)
[ view plain ]
| 000 -LEADER | |
|---|---|
| fixed length control field | 00531nam a2200205 a 4500 |
| 005 - DATE AND TIME OF LATEST TRANSACTION | |
| control field | 20140414132121.0 |
| 008 - FIXED-LENGTH DATA ELEMENTS--GENERAL INFORMATION | |
| fixed length control field | 120906s19uu xx 00 eng d |
| 020 ## - INTERNATIONAL STANDARD BOOK NUMBER | |
| International Standard Book Number | 9789814070508 |
| 050 ## - LIBRARY OF CONGRESS CALL NUMBER | |
| Classification number | TR 372.6 |
| Item number | Al416 2008 |
| 100 ## - MAIN ENTRY--PERSONAL NAME | |
| Personal name | Allen, Rosemary |
| 245 ## - TITLE STATEMENT | |
| Title | Grammar skills 4. |
| 260 ## - PUBLICATION, DISTRIBUTION, ETC. (IMPRINT) | |
| Place of publication, distribution, etc | Singapore : |
| Name of publisher, distributor, etc | Learners Pub, |
| Date of publication, distribution, etc | 2008. |
| 300 ## - PHYSICAL DESCRIPTION | |
| Extent | 100 |
| 440 ## - SERIES STATEMENT/ADDED ENTRY--TITLE | |
| Title | English Language workshop |
| 500 ## - GENERAL NOTE | |
| General note | original copyright 2001 |
| 650 ## - SUBJECT ADDED ENTRY--TOPICAL TERM | |
| Topical term or geographic name as entry element | Grammar-parts of speech. |
| Withdrawn status | Lost status | Damaged status | Home library | Current library | Shelving location | Date acquired | Source of acquisition | Total Checkouts | Full call number | Barcode | Date last seen | Price effective from | Koha item type |
|---|---|---|---|---|---|---|---|---|---|---|---|---|---|
| Munich Library | Munich Library | Teachers Reference Section | 09/06/2012 | TR 372.6 Al416 2008 | M7072 | 04/14/2014 | 04/14/2014 | Books | |||||
| Munich Library | Munich Library | Teachers Reference Section | 09/06/2012 | TR 372.6 Al416 2008 | M7073 | 04/14/2014 | 04/14/2014 | Books | |||||
| Munich Library | Munich Library | Teachers Reference Section | 09/06/2012 | TR 372.6 Al416 2008 | M7074 | 04/14/2014 | 04/14/2014 | Books |